Peces del género Bathygobius (Perciformes: Gobiidae) del Caribe colombiano (Registro nro. 16094)

Detalles MARC
000 -CABECERA
Campo de control 004110000a22001210004500
090 ## - CLASIFICACIÓN LOCAL
Colección AS
Consecutivo Seriadas
041 0# - IDIOMA
Código de idioma para texto/pista de sonido o título separado
100 1# - ASIENTO PRINCIPAL--NOMBRE PERSONAL
Nombre personal Garzón Ferreira, Jaime
245 10 - MENCION DE TITULO
Título Peces del género Bathygobius (Perciformes: Gobiidae) del Caribe colombiano
700 1# - ASIENTO SECUNDARIO - NOMBRE PERSONAL
Nombre personal Acero P., Arturo
773 1# - Item fuente:
Título Anales del Instituto de Investigaciones Marinas de Punta de Betín
Descripción física 21
Paginas del Articulo 23-32
Lugar, editorial y fecha de publicación 1992
942 ## - ELEMENTOS ADICIONALES (KOHA)
Tipo de ítem Artículo

No hay ítems disponibles.